| 000 | 00708nam a22002417a 4500 | ||
|---|---|---|---|
| 003 | UA-OsUOA | ||
| 001 | 23881 | ||
| 007 | ta | ||
| 008 | 20040130b un ||||| |||| 00| 0 ukr d | ||
| 090 |
_a32(477) _bМ34 |
||
| 942 | _cBK | ||
| 040 |
_aUA-OsUOA _bukr _cUA-OsUOA _dUA-OsUOA |
||
| 245 |
_aМатеріяли Другого Збору Конгресу _cРед. С.Стецько О.Кушпета С.Жижко |
||
| 300 | _a360 с. | ||
| 955 | _a0 | ||
| 041 | _aukr | ||
| 080 | _a32(477) | ||
| 020 | _a966-7060-11-Х | ||
| 260 |
_aКиїв _bГоловний Провід Конгресу Українських Націоналістів _c1997 |
||
| 044 | _aUA | ||
| 650 | 7 | _2UDC | |
| 999 |
_c310141 _d310141 |
||